Rivers of Canada - Map Quiz - Statistics

General Stats
  • This quiz has been taken 504 times
  • The average score is 8 of 20
Answers on the Map
Answers color-coded by a green-red scale on the quiz's map according to % correct below.
 
Answer Stats
Answer % Correct
Yukon
67%
St. Lawrence
65%
Mackenzie
63%
Ottawa
62%
Columbia
60%
Nelson /
Saskatchewan
58%
Fraser
57%
Winnipeg
47%
Athabasca
46%
Saint John
45%
Saguenay
34%
La Grande
32%
Assiniboine
24%
Albany
23%
Severn
22%
Churchill
20%
Koksoak
19%
Liard
17%
Thelon
14%
Back
12%
No matching quizzes found
Score Distribution
Percent of People with Each Score
Percentile by Number Answered
Your Score History
You have not taken this quiz